000 00844nam a22002777a 4500
001 9508
003 FISKH
005 20260116081256.0
008 260116b cb ||||| |||| 00| 0 eng d
020 _a078073002252
040 _aFISKH
_beng
_cFISKH
_dFISKH
050 _aPZ7 T
082 _a823.914
100 _aHorn, William Van
_eAuthor
245 _aThe big sneeze /
_cBy William Van Horn
260 _aNew York :
_bScholastic Inc. ,
_c1980
300 _a48 pages :
_bcolor illustrations ;
_c19 cm
505 _aG
520 _aSee what happens when Santa Claus gets a cold and has Bobby Brewster and his father help deliver presents.
521 8 _a350
_bLexile estimate
521 8 _aG
_bRaz-Plus
650 _aShort stories
_vDino
650 _aChapter book
_vChildren's literature
942 _2ddc
_cBK
_n0
999 _c9508
_d9508